000 00852nam a2200229Ia 4500
001 21999
005 20260408085038.0
008 260320s9999||||xx |||||||||||||| ||und||
020 _a9788490773222
041 _aESP
082 _a616.89156
_bB25
100 _aBarraca Mairal, Jorge,
_eAUT
245 0 _aTerapia integral de pareja :
_buna intervención para superar las diferencias irreconciliables
260 _aMadrid :
_bEditorial Síntesis,
_c2016
300 _a148 páginas :
_c22 cm.
440 _a(Terapias de tercera generación)
650 _aTCA
653 _aPareja; Terapias psicológicas; Psicoterapia de pareja
654 _aCPS
856 _uhttps://0u20vmuvj-y-https-ebookcentral-proquest-com.itmsp.museknowledge.com/lib/catolicasp/home.action
_zVéase además: Base de datos ProQuest Ebook Central
942 _cLIB
_dJUS
_fMAT
_2ddc
999 _c21999
_d21999